000 00390nam a2200145Ia 4500
008 240624s9999 xx 000 0 und d
041 _aeng
082 _a170 DEN
100 _aDENNY RICHARD
245 _aSUCCEED FOR YOURSELF UNLOCK YOUR POTENTI
250 _a(3rd ed.)
260 _c2008
_aNew Delhi
_bKogan Page India Private limited
300 _a216 : p. : cm. ; 21
365 _cRS
_b30
999 _c12566
_d12566